Quizzes
Events
Quiz Creation
Community
Videos
Private Events
Remove Ads
Sign In
Join for FREE
Feedback
Dark Mode
Quiz Categories
Sports
Geography
Music
Movies
Television
Just For Fun
Miscellaneous
History
Literature
Language
Science
Gaming
Entertainment
Religion
Holiday
For Kids
Quiz Lab
Recent
Popular Today
Quiz Kudos Today
Editor Picks
Curator Picks
Quizzes by...
Day
Popularity
Type
Ratings
Length
Year
Community
Subscriptions
Recent Discussions
Orange Saloon
Badges
Playlists
Quests
Create
Leaderboards
Showdown
Live 5
Trivia Bingo
Activity
Puzzle Library
Sporcle Events
Private Events
Virtual Trivia
Globe League
Become a Host
Pub Owners
SporcleCon
Opinionation
Our Games
Videos
Blog
Mobile Apps
Partnerships
Remove Ads and Go Orange
Feedback
Gaming
Video Games
Board Games
Card Games
Pokémon
Mario
Nintendo
Minecraft
Console
Toys
Legend of Zelda
Gaming
Video Games
Board Games
Card Games
Pokémon
Mario
Nintendo
Minecraft
Console
Toys
Legend of Zelda
Random Quiz
Search Sporcle
×
Quiz Lab
Quiz Lab
Gaming
profile
Type in answers that appear in a list
Type in answers that appear in a list
Classic
Best Score? Go Orange.
Valkyrie Profile 2: Silmeria - All Locations Stats
Can you name all the locations in Valkyrie Profile 2: Silmeria?
By
Francierton
8m
30 Questions
9 Plays
9 Plays
9 Plays
Comments
Comments
Give Quiz Kudos
Give Quiz Kudos
-
- Ratings
hide this ad
Replay
Link that replays current quiz
Next Quiz
Link to next quiz in quiz playlist
You Got
0%
They Got
Avg Score
58%
Avg Friend Score
Upgrade to see
Score Distribution
Jump to the score distribution portion of the page
Score
0/30
Timer
08:00
0
Plays Today
Hint
Answer
% Correct
Map (Reign of the humans)
Midgard
100%
First Location
Solde
88.9%
Alicia's hometown
Dipan
88.9%
Reign of the gods
Asgard
77.8%
Tree
Yggdrasil
77.8%
Additional world
Seraphic Gate
77.8%
Rural town
Coriander
66.7%
Contemporary city
Villnore
66.7%
Quiet town
Crell Monferaigne
66.7%
Old library
Chateau Obsession
66.7%
Dragon palace
Palace Of The Venerated Dragon
66.7%
Portal
Bifrost
66.7%
Final world
Tower Of Lezard Valeth
66.7%
Access to the underground
Lost Forest
55.6%
Underground road
Royal Underground Path
55.6%
Hint
Answer
% Correct
Castle's Barborossa
Dipan Castle
55.6%
Field with flowers
Kythena Plains
55.6%
Temple of the ruins
Serdberg Mountain Ruins
55.6%
Desert city
Kalstad
55.6%
Lake temple
Audoula Temple On The Lake
55.6%
Desert
Sahma Desert
55.6%
Volcano
Surts Volcano Caverns
55.6%
Mysterious forest
Forest Of Spirits
55.6%
Palace of the gods
Hall Of Valhalla
44.4%
Old forest
Ancient Forest
33.3%
Old mine
Turgen Mine
33.3%
Lightning Forest
Crawsus Forest Ruins
33.3%
Salt cave
Dragonscrypt
33.3%
Snow mountain
Sukavia Gorge
33.3%
Secret cavern
Ravine Cavern
22.2%
Quiz Playlist
Details
Report
Send in Message
Add To Playlist
Classic:
Type in answers that appear in a list
Last Updated: Aug 26, 2017
Quiz Scoreboard
CHALLENGE
Sign Up to Join the Scoreboard
Show All
Scores
Hide
Comments
May contain spoilers
Recently Published
9x9 Crossword: Cartoon Network
by jackfrog10
Miscellaneous
3m
College Basketball Coaching Resumes
by pancakes188
Sports
9m
Billboard Blitz: Fleetwood Mac
by CooCooCachoo
Music
15s
More to Explore
Quiz From the Vault
Featured Blog Post
Where Did the Easter Bunny Come From?
hide this ad
You Might Also Like...
Tags
location
profile
Today's Top Quizzes in Gaming
Browse Gaming
hide this ad
Today's Top Quizzes in profile
Browse profile
Top Contributed Quizzes in Gaming
1
5-to-1: Consoles
2
7-to-1: Board Game Piece Blitz
3
5-to-1: Legend of Zelda
4
League of Legends Pro Players by Career/Team History
5
Destiny 2 exotic weapons by perk icons
6
Ultimate Genshin Impact Logic Puzzle (up to 4.3)
7
Franchise by Action Figure
8
Who's on the WWE 2K24 Cover?
9
Genshin Impact Logic Puzzle Quiz
10
Order the Pokémon Regions
Explore More
Trending Topics
Marvel
Disney
Harry Potter
Crossword
Anime
Kpop
NBA
Soccer
The Office
NFL
Country
Song
Pokémon
Puzzle
WWE
hide this ad
More By:
Francierton
Quiz
Plays
Rating
Category
Featured
Created
Yellowcard Songs by Studio Albuns (1997-2016)
26
Music
Aug 22, 2017
Hoobastank Songs by Albuns (2000-2018)
15
Music
Jan 31, 2019
Buckethead (Pikes 01-50)
11
Music
Aug 22, 2017
Valkyrie Profile 2: Silmeria - Characters
9
5.00
Gaming
Aug 22, 2017
Valkyrie Profile 2: Silmeria - All Locations
9
5.00
Gaming
Aug 22, 2017
Go to Creator's Profile
Score Distribution
Quiz Creator Spotlight
Francierton
Follow
Send a Message
Quizzes Created
-
Created Quiz Play Count
-
More By This Creator
Popular Quizzes Today
1
Find the US States - No Outlines Minefield
2
Find the Countries of Europe - No Outlines Minefield
3
The Countries of the World
4
Find the US States
5
Risky Map Clicking: Biggest States A-Z
6
US States
7
Popular People in 1961
8
Movies - When Are They Set?
More Gaming Quizzes
Super Smash Bros. Venn Diagram
Curator's Pick
Trending Quizzes
Risky Map Clicking: Least Populous States A-Z
1-10 Letter G Words
Risky Map Clicking: Next State Alphabetically
Adjectives in 80s TV Shows
Risky Map Clicking: Biggest States A-Z
Recently Updated
Leaping Animals
pecheneg
Reality TV Shows (A-Z)
bhenderson79
Rickey Henderson's Hall of Fame Teammates
pecheneg
Champions League XIs: Arsenal
pecheneg
Quick Pick: Celebrities in WWE's Hall of Fame
aduchscher
A-Z Keypad Blitz II
pecheneg
Multiple Oscar Actors
pecheneg
Mystery Phrase Blitz: Oscar 'Best Actors'
pecheneg
F. Scott Fitzgerald Novels
LTH
Pick 3 Villains
ddd62291
Trending Topics
Marvel
Kpop
Disney
Anime
Harry Potter
NBA
Crossword
The Office
Song
Soccer
Pokémon
WWE
NFL
Puzzle
Country
Your Account Isn't Verified!
In order to create a playlist on Sporcle, you need to verify the email address you used during registration. Go to your
Sporcle Settings
to finish the process.
Report this User
Report this user for behavior that violates our
Community Guidelines
.
Details:
Send Report
Go to the Sporcle.com Mobile Site →
Comments